Bewitched: The Goddess Edition all songs - Statistics

General Stats
  • This quiz has been taken 6 times
  • The average score is 12 of 18
Answer Stats
Number Song Title % Correct
Song 15 Bored
83%
Song 10 From The Start
83%
Song 18 Goddess
83%
Song 17 It Could Happen To You
83%
Song 13 Letter To My 13 Year Old Self
83%
Song 6 Lovesick
83%
Song 16 Trouble
83%
Song 14 Bewitched
67%
Song 1 Dreamer
67%
Song 3 Haunted
67%
Song 4 Must Be Love
67%
Song 12 Serendipity
67%
Song 11 Misty
50%
Song 2 Second Best
50%
Song 7 California and Me
33%
Song 8 Nocturne
33%
Song 9 Promise
33%
Song 5 While You Were Sleeping
33%
No matching quizzes found
Score Distribution
Percent of People with Each Score
Percentile by Number Answered
Your Score History
You have not taken this quiz